[Event "Titled Tuesday intern op 18th Jul Late"]
[Site "Chess.com INT"]
[Date "2023.07.18"]
[Round "6"]
[White "Gaitan, Juan Manuel"]
[Black "Balague Camps, Marc"]
[Result "1/2-1/2"]
[WhiteElo "2304"]
[BlackElo "2220"]
[PlyCount "154"]
[EventDate "2023.07.18"]
[EventType "swiss (blitz)"]
[EventRounds "11"]
[EventCountry "USA"]
[SourceTitle "EXT 2024"]
[Source "ChessBase"]
[SourceDate "2023.10.10"]
[SourceVersion "1"]
[SourceVersionDate "2023.10.10"]
[SourceQuality "1"]

1. d4 Nf6 2. c4 e6 3. Nf3 d5 4. g3 Be7 5. Bg2 0-0 6. 0-0 c6 7. Qc2 b6 8. Bg5 Ba6 9. Nbd2 b5 10. b3 bxc4 11. bxc4 Nbd7 12. Rfe1 h6 13. Bxf6 Nxf6 14. e4 dxe4 15. Nxe4 Nxe4 16. Rxe4 Qa5 17. Ne5 Rac8 18. Re3 c5 19. d5 exd5 20. Bxd5 Bf6 21. Rae1 Bxe5 22. Rxe5 Rc7 23. Re8 Bb7 24. Rxf8+ Kxf8 25. Qe4 Kg8 26. Bxb7 Rxb7 27. Rd1 Rb8 28. Qe5 Qb6 29. Rd7 Rf8 30. h4 Qb1+ 31. Kg2 Qxa2 32. Qxc5 a6 33. Ra7 Qe2 34. Rxa6 Qe4+ 35. Kh2 Re8 36. Rc6 Kh7 37. Rc7 Qf3 38. Re7 Rxe7 39. Qxe7 Qxf2+ 40. Kh3 Qf1+ 41. Kh2 Qxc4 42. Kh3 Qf1+ 43. Kh2 Qf2+ 44. Kh3 f5 45. Qe6 Qf1+ 46. Kh2 Qf3 47. Qf7 Qf2+ 48. Kh3 Qf1+ 49. Kh2 Qe2+ 50. Kh3 Qg4+ 51. Kh2 Qe4 52. Qf8 Kg6 53. Qg8 Qe2+ 54. Kh3 Qg4+ 55. Kh2 f4 56. Qe8+ Kh7 57. Qe4+ Qg6 58. Qxf4 Qd3 59. Kh3 Qd7+ 60. Kh2 Qd3 61. Qf2 Qe4 62. Qg2 Qxg2+ 63. Kxg2 Kg6 64. Kh2 h5 65. Kg2 Kf6 66. Kf2 Kf5 67. Kf3 g6 68. Kf2 Ke4 69. Ke2 Kd4 70. Kd2 Ke4 71. Ke2 Kd4 72. Kf3 Ke5 73. Ke3 Kf5 74. Kf3 g5 75. hxg5 Kxg5 76. Kg2 h4 77. gxh4+ Kxh4 1/2-1/2

[Event "Titled Tuesday intern op 18th Jul Late"]
[Site "Chess.com INT"]
[Date "2023.07.18"]
[Round "4"]
[White "Gaitan, Juan Manuel"]
[Black "Manukian, Artak"]
[Result "1-0"]
[WhiteElo "2304"]
[BlackElo "2196"]
[PlyCount "29"]
[EventDate "2023.07.18"]
[EventType "swiss (blitz)"]
[EventRounds "11"]
[EventCountry "USA"]
[SourceTitle "EXT 2024"]
[Source "ChessBase"]
[SourceDate "2023.10.10"]
[SourceVersion "1"]
[SourceVersionDate "2023.10.10"]
[SourceQuality "1"]

1. d4 d5 2. c4 dxc4 3. e3 e5 4. Bxc4 exd4 5. exd4 Nf6 6. h3 c5 7. Nf3 cxd4 8. Nxd4 Bb4+ 9. Nc3 0-0 10. 0-0 a6 11. Bb3 Bc5 12. Be3 Nbd7 13. Rc1 Ne5 14. Re1 Qb6 15. Na4 1-0

[Event "Titled Tuesday intern op 10th Jan Early"]
[Site "Chess.com INT"]
[Date "2023.01.10"]
[Round "3"]
[White "Cherniaiev, Tykhon"]
[Black "Gaitan, Juan Manuel"]
[Result "1-0"]
[WhiteElo "2330"]
[BlackElo "2328"]
[PlyCount "61"]
[EventDate "2023.01.10"]
[EventType "swiss (blitz)"]
[EventRounds "11"]
[EventCountry "USA"]
[SourceTitle "EXT 2024"]
[Source "ChessBase"]
[SourceDate "2023.10.10"]
[SourceVersion "1"]
[SourceVersionDate "2023.10.10"]
[SourceQuality "1"]

1. e4 e5 2. Nf3 Nf6 3. d4 Nxe4 4. dxe5 d5 5. exd6 Bxd6 6. Bd3 Nc5 7. Qe2+ Qe7 8. Qxe7+ Bxe7 9. Be2 Bf5 10. Nd4 Be4 11. Nc3 Bxg2 12. Rg1 Bc6 13. Bf4 Bf6 14. Nxc6 Bxc3+ 15. bxc3 Nxc6 16. Bxc7 Ne6 17. Bd6 0-0-0 18. 0-0-0 h5 19. Bc4 Rhe8 20. f4 g6 21. Rgf1 Ne7 22. Be5 Nf5 23. Rde1 a6 24. Bf6 Rd6 25. Be5 Rd7 26. Bd3 Neg7 27. Re4 Rde7 28. Rc4+ Kd8 29. Bf6 Kd7 30. Rd1 Ne3 31. Bf5# 1-0

[Event "Titled Tuesday intern op 20th Dec Early"]
[Site "Chess.com INT"]
[Date "2022.12.20"]
[Round "1"]
[White "Gaitan, Juan Manuel"]
[Black "Kamsky, Gata"]
[Result "1-0"]
[WhiteElo "2358"]
[BlackElo "2664"]
[PlyCount "43"]
[EventDate "2022.12.20"]
[EventType "swiss (blitz)"]
[EventRounds "11"]
[EventCountry "USA"]
[SourceTitle "EXT 2024"]
[Source "ChessBase"]
[SourceDate "2023.10.10"]
[SourceVersion "1"]
[SourceVersionDate "2023.10.10"]
[SourceQuality "1"]

1. c4 e5 2. Nc3 Nc6 3. Nf3 Nf6 4. d4 exd4 5. Nxd4 Bb4 6. Nxc6 bxc6 7. g3 0-0 8. Bg2 a5 9. Bd2 Ba6 10. b3 d5 11. cxd5 cxd5 12. 0-0 Re8 13. Re1 Rb8 14. Na4 Qe7 15. Bxb4 axb4 16. Rc1 Qe5 17. e3 Bb5 18. Nc5 Ra8 19. Qd2 c6 20. Rc2 Reb8 21. Qxb4 Bd3 22. Nxd3 1-0

[Event "Titled Tuesday intern op 20th Dec Early"]
[Site "Chess.com INT"]
[Date "2022.12.20"]
[Round "6"]
[White "Koelle, Tobias"]
[Black "Gaitan, Juan Manuel"]
[Result "0-1"]
[WhiteElo "2439"]
[BlackElo "2358"]
[PlyCount "132"]
[EventDate "2022.12.20"]
[EventType "swiss (blitz)"]
[EventRounds "11"]
[EventCountry "USA"]
[SourceTitle "EXT 2024"]
[Source "ChessBase"]
[SourceDate "2023.10.10"]
[SourceVersion "1"]
[SourceVersionDate "2023.10.10"]
[SourceQuality "1"]

1. e4 e5 2. Nf3 Nf6 3. d4 Nxe4 4. dxe5 d5 5. exd6 Bxd6 6. Bd3 Nc5 7. 0-0 Nxd3 8. Qxd3 0-0 9. Ng5 g6 10. Nc3 Be5 11. Qf3 Nc6 12. Bf4 Nd4 13. Qe4 Bg7 14. Rad1 c5 15. Nd5 Re8 16. Bc7 Qd7 17. Qh4 Qxd5 18. Qxh7+ Kf8 19. c3 Qc6 20. cxd4 Qxc7 21. dxc5 Bf5 22. b4 Rad8 23. Qh4 Rxd1 24. Rxd1 Qe7 25. h3 a5 26. a3 axb4 27. axb4 Qe2 28. Rc1 Qd2 29. Rf1 Re1 30. Rxe1 Qxe1+ 31. Kh2 Be5+ 32. g3 Qxf2+ 33. Kh1 Qxg3 34. Nh7+ Kg7 35. Qxg3 Bxg3 36. Ng5 Bf4 37. Nf3 Bxh3 38. Kg1 Be3+ 39. Kh2 Bf5 40. Ne5 Bf4+ 41. Kg2 Bxe5 42. Kf3 Bc3 43. b5 Bb4 44. c6 bxc6 45. b6 Bd6 46. b7 Bb8 47. Ke3 c5 48. Kd2 Be4 49. Kc3 Bxb7 50. Kc4 f5 51. Kxc5 Be4 52. Kd4 Kf6 53. Ke3 Be5 54. Kf2 g5 55. Kg1 g4 56. Kf2 f4 57. Kg1 Kf5 58. Kf2 g3+ 59. Kg1 f3 60. Kf1 Kf4 61. Kg1 Bc3 62. Kf1 Kg4 63. Kg1 Kh3 64. Kf1 Bd3+ 65. Kg1 f2+ 66. Kh1 Be4# 0-1

[Event "Titled Tuesday intern op 20th Dec Early"]
[Site "Chess.com INT"]
[Date "2022.12.20"]
[Round "3"]
[White "Levine, David M"]
[Black "Gaitan, Juan Manuel"]
[Result "1/2-1/2"]
[WhiteElo "2068"]
[BlackElo "2358"]
[PlyCount "78"]
[EventDate "2022.12.20"]
[EventType "swiss (blitz)"]
[EventRounds "11"]
[EventCountry "USA"]
[SourceTitle "EXT 2024"]
[Source "ChessBase"]
[SourceDate "2023.10.10"]
[SourceVersion "1"]
[SourceVersionDate "2023.10.10"]
[SourceQuality "1"]

1. d4 Nf6 2. c4 e6 3. g3 d5 4. Bg2 Bb4+ 5. Bd2 a5 6. Nf3 c5 7. cxd5 cxd4 8. Bxb4 axb4 9. Qxd4 Qxd5 10. Qxb4 Nc6 11. Qd2 Qxd2+ 12. Nbxd2 Nb4 13. 0-0 Rxa2 14. Rxa2 Nxa2 15. Ne5 Ke7 16. Ra1 Rd8 17. Nb3 Nb4 18. Rc1 Na6 19. f4 Ne8 20. Na5 Nd6 21. Nac4 Nxc4 22. Rxc4 f6 23. Nd3 b5 24. Rc6 Kd7 25. Nc5+ Nxc5 26. Rxc5 Ba6 27. b4 Rc8 28. Rxc8 Bxc8 29. Kf2 h6 30. Ke3 Kd6 31. Kd4 e5+ 32. fxe5+ fxe5+ 33. Kd3 Bf5+ 34. Ke3 Be6 35. Be4 Bc4 36. Bd3 Kd5 37. Be4+ Kd6 38. Bd3 Kd5 39. Be4+ Kd6 1/2-1/2

[Event "Titled Tuesday intern op 20th Dec Early"]
[Site "Chess.com INT"]
[Date "2022.12.20"]
[Round "11"]
[White "Troltenier, Dirk"]
[Black "Gaitan, Juan Manuel"]
[Result "1-0"]
[WhiteElo "2234"]
[BlackElo "2358"]
[PlyCount "77"]
[EventDate "2022.12.20"]
[EventType "swiss (blitz)"]
[EventRounds "11"]
[EventCountry "USA"]
[SourceTitle "EXT 2024"]
[Source "ChessBase"]
[SourceDate "2023.10.10"]
[SourceVersion "1"]
[SourceVersionDate "2023.10.10"]
[SourceQuality "1"]

1. e4 e5 2. Nf3 Nf6 3. d4 Nxe4 4. Bd3 Nc6 5. dxe5 Nc5 6. 0-0 d5 7. Bg5 Be7 8. Bxe7 Qxe7 9. Nc3 Be6 10. Ne2 0-0 11. Ned4 Nxd4 12. Nxd4 Nxd3 13. Qxd3 c5 14. Nxe6 fxe6 15. f4 b5 16. c3 Rab8 17. f5 c4 18. Qd4 exf5 19. Qxd5+ Kh8 20. e6 Rbd8 21. Qe5 f4 22. Rae1 Rd6 23. Rxf4 Rxf4 24. Qxf4 h6 25. Qf7 Rd7 26. exd7 Qxe1+ 27. Qf1 Qe3+ 28. Kh1 Qd2 29. Qf8+ Kh7 30. Qf5+ Kg8 31. Qe6+ Kh7 32. h3 Qc1+ 33. Kh2 Qf4+ 34. Kg1 Qc1+ 35. Kf2 Qd2+ 36. Kf3 Qd3+ 37. Kf4 g5+ 38. Ke5 b4 39. Qf5+ 1-0

[Event "ARG-ch 97th"]
[Site "San Carlos de Bariloche"]
[Date "2022.12.10"]
[Round "11"]
[White "Paveto, Kevin"]
[Black "Gaitan, Juan Manuel"]
[Result "1/2-1/2"]
[WhiteElo "2440"]
[BlackElo "2358"]
[PlyCount "62"]
[EventDate "2022.12.01"]
[EventType "tourn"]
[EventRounds "11"]
[EventCountry "ARG"]
[EventCategory "10"]
[SourceTitle "CBM 211 Extra"]
[Source "ChessBase"]
[SourceDate "2023.01.31"]
[SourceVersion "1"]
[SourceVersionDate "2023.01.31"]
[SourceQuality "1"]

1. e4 e5 2. Nf3 Nf6 3. Nxe5 d6 4. Nf3 Nxe4 5. Bd3 Nc5 6. Be2 Be7 7. 0-0 d5 8. d4 Ne4 9. Bf4 0-0 10. Nbd2 Bd6 11. Bxd6 Nxd6 12. c3 Bf5 13. Re1 Nd7 14. Nf1 Re8 15. Ne3 Be4 16. Nd2 c6 17. Nxe4 Nxe4 18. Bd3 Qg5 19. Qf3 Re6 20. Re2 Rae8 21. Rae1 h5 22. Nf1 Ndf6 23. h3 Qh4 24. Bxe4 Nxe4 25. Ng3 Ng5 26. Qd3 g6 27. Rxe6 Rxe6 28. Rxe6 Nxe6 29. Ne2 Qg5 30. g3 Ng7 31. h4 Qf5 1/2-1/2

[Event "ARG-ch 97th"]
[Site "San Carlos de Bariloche"]
[Date "2022.12.03"]
[Round "4"]
[White "Valerga, Diego"]
[Black "Gaitan, Juan Manuel"]
[Result "1-0"]
[WhiteElo "2438"]
[BlackElo "2358"]
[PlyCount "83"]
[EventDate "2022.12.01"]
[EventType "tourn"]
[EventRounds "11"]
[EventCountry "ARG"]
[EventCategory "10"]
[SourceTitle "CBM 211 Extra"]
[Source "ChessBase"]
[SourceDate "2023.01.31"]
[SourceVersion "1"]
[SourceVersionDate "2023.01.31"]
[SourceQuality "1"]

1. d4 Nf6 2. Nf3 d5 3. c4 e6 4. Nc3 Bb4 5. e3 0-0 6. Bd3 dxc4 7. Bxc4 c5 8. 0-0 Bd7 9. Qe2 Bc6 10. Rd1 Nbd7 11. d5 exd5 12. Nxd5 Nxd5 13. Bxd5 Qc7 14. a3 Ba5 15. Bxc6 Qxc6 16. b4 Bc7 17. Bb2 Rad8 18. Rac1 b6 19. Qc2 Rfe8 20. Qc3 Qh6 21. g3 Nf6 22. Qc4 Qh5 23. Kg2 Nd5 24. g4 b5 25. gxh5 bxc4 26. bxc5 Ba5 27. Bd4 c3 28. Ne5 Re6 29. Nc4 Bc7 30. Bxc3 f5 31. Ba5 Rc6 32. Bxc7 Rxc7 33. Na5 Kf7 34. c6 Ke6 35. Nb7 Rdc8 36. Nc5+ Ke5 37. f4+ Kd6 38. Nb7+ Ke6 39. Kf3 Nf6 40. Rc5 Ne4 41. Re5+ Kf6 42. Nd6 1-0

[Event "Neuquen Las Balsas op"]
[Site "Neuquen"]
[Date "2022.06.17"]
[Round "2"]
[White "Gaitan, Juan Manuel"]
[Black "Loncharic, Esteban"]
[Result "1-0"]
[WhiteElo "2318"]
[BlackElo "1919"]
[PlyCount "69"]
[EventDate "2022.06.17"]
[EventType "swiss"]
[EventRounds "7"]
[EventCountry "ARG"]
[SourceTitle "CBM 208 Extra"]
[Source "ChessBase"]
[SourceDate "2022.07.31"]
[SourceVersion "1"]
[SourceVersionDate "2022.07.31"]
[SourceQuality "1"]

1. d4 Nf6 2. c4 g6 3. Nc3 Bg7 4. e4 d6 5. h3 Na6 6. Nf3 0-0 7. Bg5 h6 8. Be3 c5 9. d5 Qa5 10. Nd2 Nh7 11. Be2 f5 12. exf5 Bxf5 13. 0-0 Nb4 14. Nb3 Qc7 15. Rc1 g5 16. a3 Na6 17. Nd2 Qd7 18. Nde4 Nc7 19. Ng3 Bg6 20. Qd2 a6 21. f4 Bf6 22. Nce4 Bxe4 23. Nxe4 Ne8 24. Bg4 Qd8 25. fxg5 hxg5 26. Nxg5 Nxg5 27. Bxg5 Ng7 28. Bxf6 exf6 29. Be6+ Nxe6 30. dxe6 f5 31. Rcd1 Qf6 32. Qxd6 Rad8 33. Qg3+ Kh7 34. Qc7+ Kg6 35. e7 1-0

[Event "Buenos Aires IM 05"]
[Site "Buenos Aires"]
[Date "2022.05.23"]
[Round "4"]
[White "Spata, German"]
[Black "Gaitan, Juan Manuel"]
[Result "1/2-1/2"]
[WhiteElo "2296"]
[BlackElo "2337"]
[PlyCount "51"]
[EventDate "2022.05.21"]
[EventType "tourn"]
[EventRounds "9"]
[EventCountry "ARG"]
[EventCategory "3"]
[SourceTitle "CBM 208 Extra"]
[Source "ChessBase"]
[SourceDate "2022.07.31"]
[SourceVersion "1"]
[SourceVersionDate "2022.07.31"]
[SourceQuality "1"]

1. Nf3 d5 2. g3 Nf6 3. Bg2 c5 4. 0-0 Nc6 5. d4 e6 6. c4 dxc4 7. Qa4 Bd7 8. dxc5 Bxc5 9. Qxc4 Qe7 10. Bg5 Bb6 11. Nc3 h6 12. Qh4 0-0 13. Bxf6 Qxf6 14. Qxf6 gxf6 15. Na4 e5 16. Nxb6 axb6 17. Nd2 Be6 18. Ne4 Rfd8 19. Nxf6+ Kg7 20. Ne4 Rxa2 21. Rxa2 Bxa2 22. g4 Rd4 23. Rc1 Rb4 24. e3 Rxb2 25. Nd6 Be6 26. Nf5+ 1/2-1/2

[Event "Montevideo Magistral Integracion 1st"]
[Site "Montevideo"]
[Date "2021.12.04"]
[Round "1"]
[White "Coppola, Claudio"]
[Black "Gaitan, Juan Manuel"]
[Result "1-0"]
[WhiteElo "2226"]
[BlackElo "2342"]
[PlyCount "169"]
[EventDate "2021.12.04"]
[EventType "tourn"]
[EventRounds "9"]
[EventCountry "URU"]
[EventCategory "3"]
[SourceTitle "CBM 205 Extra"]
[Source "ChessBase"]
[SourceDate "2022.01.31"]
[SourceVersion "1"]
[SourceVersionDate "2022.01.31"]
[SourceQuality "1"]

1. d4 Nf6 2. c4 e6 3. g3 d5 4. Bg2 dxc4 5. Nf3 Nc6 6. 0-0 Rb8 7. Bg5 Be7 8. e3 0-0 9. Qe2 b5 10. b3 Ba6 11. Rc1 Nd5 12. Bxe7 Ndxe7 13. Nbd2 Na5 14. Ne4 Bb7 15. Nc5 Bd5 16. e4 Ba8 17. Qd2 Nb7 18. Na6 Rc8 19. e5 c5 20. bxc4 b4 21. dxc5 Nxc5 22. Nxc5 Rxc5 23. Qxb4 Qc7 24. Nd4 Bxg2 25. Kxg2 Rxe5 26. Rab1 Rc8 27. Qb7 g5 28. Qxc7 Rxc7 29. Rb8+ Kg7 30. Nb5 Rd7 31. Ra8 Nc6 32. Rc2 a6 33. Nc3 Rd4 34. Ne2 Rde4 35. Kf1 g4 36. a3 Ra5 37. Rc3 Ra4 38. c5 Rec4 39. Rxa6 Rxc3 40. Rxa4 Rxc5 41. Rxg4+ Kf6 42. Rf4+ Kg7 43. Rf3 Ne5 44. Rc3 Rd5 45. Rc1 Ra5 46. Ra1 Nc4 47. a4 Nd2+ 48. Kg2 Nb3 49. Rb1 Nd2 50. Rb4 Rc5 51. Nd4 Rc3 52. Rb2 Rd3 53. Nc6 Rd6 54. Rc2 Nb3 55. a5 Rxc6 56. Rxc6 Nxa5 57. Rc7 Nb3 58. Kf3 Nd4+ 59. Ke4 Nf5 60. g4 Nd6+ 61. Ke5 Ne8 62. Rc8 Nf6 63. h3 Nd5 64. Kd6 Nf6 65. f3 h6 66. Ra8 Nd5 67. Ra7 Nf4 68. Ke7 Nd5+ 69. Ke8 Nf6+ 70. Ke7 Nd5+ 71. Kd6 Nf4 72. h4 Ng6 73. Kd7 Kg8 74. Ra8+ Kg7 75. Ke8 Nxh4 76. Ra7 Kf6 77. Rxf7+ Kg5 78. Ke7 e5 79. Ke6 Nxf3 80. Rxf3 e4 81. Rf1 Kxg4 82. Ke5 e3 83. Ke4 e2 84. Rg1+ Kh3 85. Kf3 1-0

[Event "Rio Grande Centennial op"]
[Site "Rio Grande"]
[Date "2021.10.02"]
[Round "7"]
[White "Gaitan, Juan Manuel"]
[Black "Ocampos, Ian Guido"]
[Result "1-0"]
[WhiteElo "2356"]
[BlackElo "2124"]
[PlyCount "65"]
[EventDate "2021.09.29"]
[EventType "swiss"]
[EventRounds "9"]
[EventCountry "ARG"]
[SourceTitle "EXT 2022"]
[Source "ChessBase"]
[SourceDate "2021.10.06"]
[SourceVersion "1"]
[SourceVersionDate "2021.10.06"]
[SourceQuality "1"]

1. d4 Nf6 2. c4 g6 3. Nc3 Bg7 4. e4 0-0 5. h3 c5 6. d5 e6 7. Bd3 exd5 8. exd5 Nh5 9. g4 Re8+ 10. Nge2 Bxc3+ 11. bxc3 Ng7 12. Bf4 d6 13. Kf1 f5 14. Ng3 fxg4 15. hxg4 Nd7 16. Ne4 Rxe4 17. Bxe4 Qe7 18. Bd3 Nf8 19. Qf3 Qf6 20. Kg2 Qxc3 21. Rad1 Qf6 22. Bd2 Qd4 23. Be2 Qe5 24. Rde1 h5 25. gxh5 Nxh5 26. Bd3 Qd4 27. Re7 Nf6 28. Bg5 Qg4+ 29. Qxg4 Nxg4 30. f3 Ne5 31. Bf6 Nf7 32. Rh8+ Nxh8 33. Rg7# 1-0

[Event "Rio Grande Centennial op"]
[Site "Rio Grande"]
[Date "2021.10.01"]
[Round "5"]
[White "Gaitan, Juan Manuel"]
[Black "Aguilar, Andres"]
[Result "1/2-1/2"]
[WhiteElo "2356"]
[BlackElo "2265"]
[PlyCount "22"]
[EventDate "2021.09.29"]
[EventType "swiss"]
[EventRounds "9"]
[EventCountry "ARG"]
[SourceTitle "EXT 2022"]
[Source "ChessBase"]
[SourceDate "2021.10.06"]
[SourceVersion "1"]
[SourceVersionDate "2021.10.06"]
[SourceQuality "1"]

1. d4 Nf6 2. c4 e6 3. Nf3 Bb4+ 4. Nbd2 0-0 5. a3 Bxd2+ 6. Bxd2 b6 7. g3 Bb7 8. Bg2 d6 9. 0-0 Nbd7 10. b4 Qe7 11. Qb3 e5 1/2-1/2

[Event "Villa Martelli Verdad y Justicia"]
[Site "Villa Martelli"]
[Date "2021.03.30"]
[Round "5"]
[White "Gaitan, Juan Manuel"]
[Black "Kapitanchuk, Tomas"]
[Result "1/2-1/2"]
[WhiteElo "2362"]
[BlackElo "2320"]
[PlyCount "77"]
[EventDate "2021.03.26"]
[EventType "tourn"]
[EventRounds "9"]
[EventCountry "ARG"]
[EventCategory "3"]
[SourceTitle "EXT 2022"]
[Source "ChessBase"]
[SourceDate "2021.10.06"]
[SourceVersion "1"]
[SourceVersionDate "2021.10.06"]
[SourceQuality "1"]

1. d4 Nf6 2. c4 e6 3. Nc3 Bb4 4. e3 0-0 5. Nge2 d5 6. a3 Be7 7. cxd5 exd5 8. g3 a5 9. Bg2 c6 10. 0-0 Na6 11. Nf4 Nc7 12. b3 Ne6 13. Nd3 Ng5 14. f3 Ne6 15. Bb2 c5 16. dxc5 Nxc5 17. Nf4 Be6 18. Nce2 Qb6 19. Nd4 Rac8 20. Rf2 Rfe8 21. Rc1 Bd7 22. Rc3 Bd6 23. Rfc2 h5 24. Qc1 Rc7 25. b4 axb4 26. axb4 Na6 27. b5 Rxc3 28. Rxc3 Nc7 29. Bf1 h4 30. Ba3 Ne6 31. Bxd6 Qxd6 32. Nf5 Qe5 33. Nxe6 Qxf5 34. Nd4 Qe5 35. g4 Ra8 36. Ra3 Rc8 37. Rc3 Ra8 38. Ra3 Rc8 39. Rc3 1/2-1/2